000 00641nam a2200217 i 4500
001 41640
003 ES-MaACL
005 20230906160451.0
007 t|
008 030311s1985 sp ||||1| spa d
020 _a84-7222-838-X
100 1 _aCastellano, Rafael.
_936508
245 1 3 _aLa cocina romántica
_b: una interpretación del XIX a través de la gastronomía /
_cRafael Castellano.
250 _a1ª ed.
260 _aBarcelona :
_bLaia,
_c1985.
300 _a219 p. ;
_c25 cm.
490 1 _aGrano del paraíso
830 0 _aGrano del paraíso
_9229795
852 _aES-MaACL
_jL-11624
_bR.113287
999 _c41640
_d41640